Reading Between The Lines: Toward an Understanding of Current Social Problems : (Record no. 618347)

MARC details
000 -LEADER
fixed length control field 00593nam a2200193 a 4500
008 - FIXED-LENGTH DATA ELEMENTS--GENERAL INFORMATION
fixed length control field 260330s2003##################000#0#eng##
020 ## - INTERNATIONAL STANDARD BOOK NUMBER
ISBN 9780072821529
082 04 - DEWEY DECIMAL CLASSIFICATION NUMBER
Classification number 361.1
Item number KON
100 1# - MAIN ENTRY--AUTHOR NAME
Personal name Konradi, Amanda,
245 10 - TITLE STATEMENT
Title Reading Between The Lines: Toward an Understanding of Current Social Problems :
260 ## - PUBLICATION, DISTRIBUTION, ETC. (IMPRINT)
Name of publisher McGraw-Hill Humanities/Social Sciences/Languages,
Year of publication 2003.
300 ## - PHYSICAL DESCRIPTION
Number of Pages 724 pages
650 #0 - SUBJECT ADDED ENTRY--TOPICAL TERM
Topical Term Foreign Language Study.
942 ## - ADDED ENTRY ELEMENTS (KOHA)
Koha item type English Books
Holdings
Withdrawn status Lost status Damaged status Not for loan Home library Current library Shelving location Date acquired Full call number Accession Number Price effective from Koha item type
        Anna Centenary Library Anna Centenary Library 4TH FLOOR, A WING 30.03.2026 361.1 KON 404394 30.03.2026 English Books

Find us on the map